000 00688cab a2200241 4500
001 ABS60331
008 090401t1999 xxu||||| |||| 00| 0 eng d
035 _a(Sirsi) u92034
041 _aeng
245 _aNurdin and Peacock plc v D B Ramsden and Co Ltd (No2)
260 _c1999
350 _a0
490 _aEstates Gazette
_v[1999] 09 EG 175-182(8)
490 _aEstates Gazette
_v[1999] 10 EG 183-190(8)
650 _aMISTAKE OF FACT
650 _aMISTAKE OF LAW
650 _aNURDIN AND PEACOCK PLC V D B RAMSDEN AND CO LTD
650 _aOVERPAYMENT
650 _aRENT
690 _aLANDLORD AND TENANT-BUSINESS TENANCIES-CASE LAW
942 _n0
948 _c12/03/1999
999 _c58369
_d58369